000 00577cam a22002172a 4500
001 003239
003 AR-FADEU
008 311216n1994####xxu####################dd
020 _a0-4150-09520-4
092 _a401.432
_bA191
_eMAESTRIA
245 _aADVANCES in written text analysis
260 _aLondon
260 _bRoutledge
260 _c1994
300 _a320 p
500 _aIncludes references
700 _aMalcolm, Coulthard
650 _a/LINGUISTICA/ANALISIS DEL DISCURSO; LINGUISTICA TEXTUAL/REVISADO//MAESTRIA/
546 _aInglés
942 _cMAESTRIA
999 _c9070
_d9070